00576nam a2200181Ia 450000500170000000800410001702000180005808200110007610000100008724500900009726000600018730000190024765000080026665000140027494200060028895200850029499900150037920240530072044.0240331s9999 xx 000 0 und d a9789556250497 a340.59 aMWRAF 0aWOMEN CLAIMING RIGHTS AND SPACESbActivism to Reform Muslim Personal Law in Sri Lanka aColombobMuslim Women's Research And Action Forumc2014 axiii, 117 p ., aLaw aPolitical cL 001040708LaWERCLbWERCLcSSCd2024-03-31l0p6850r2024-03-31w2024-03-31yL c5841d5841